01411nam a2200337 a 4500001001000000003000500010005001700015008004100032010001100073011001100084040000900095090001000104100003700114245012800151260004100279500006000320502009100380590004000471590004000511650002800551650004300579650002900622650004400651856007000695901000700765942001000772942000600782999001900788952013100807952013500938000113271CHAP20220329144347.0170529s2017 mx a fsm |||||||spa d a109732 a110704 cCHAP aTesis00aFélix Gutiérrez, Luis94194810aBalance oferta demanda del frijol en México mediante programación lineal /h[En línea]cpor Luis Félix Gutiérrez. aChapingo, Méx. :bEl autor,c2017. aPara ver el contenido del material haga clic en la liga aTesis (Ph.D. en Ciencias en Economía Agrícola) -- UACH. Departamento de Economía aE8697GMMb05c20170529lUCH01h1432 aE8697GMMb05c20170529lUCH01h150314aFrijolxConsumo.94335114aFrijolxCostos de producción.94335514aFrijolxMercadeo.94340614aFrijolxProducciónzMéxico.9128414 aFinding aiduhttp://10.13.5.2/tesis/sist113271.pdfzTeclea aquí aBK cTESIS n0 c109732d109732 00104054718TESISaBCbBCd2017-05-29fTESISl0oTesisp113273-10r2019-12-31 00:00:00w2019-12-31yTESISzRecien adquirido 00102local4053708TESISaBCbBCcPA_TESISd2017-05-29fTESISl0oTesisp113273-20r2019-12-31 00:00:00tc.2w2019-12-31yTESIS